| 000 | 00898nam a2200265 a 4500 | ||
|---|---|---|---|
| 001 | vtls001085772 | ||
| 003 | NLI | ||
| 005 | 20210627123951.0 | ||
| 008 | 120315s1972 ii b f000 0 eng | ||
| 039 | 9 |
_y201203151815 _zEntertech_02 |
|
| 040 |
_aNLI _beng _cEntertech-2011 _eAACR2 |
||
| 041 | 0 | _aeng | |
| 044 | _aii | ||
| 082 | 0 | 4 | _a530.71 |
| 110 | 2 |
_aIndia. _bNational Council of Educational Research and Training, New Delhi. _9897953 |
|
| 245 | 1 | 0 |
_aPhysic : _bfor middle schools text-3 / _cNational Council of Educational Research and Training, New Delhi, India |
| 260 |
_aNew Delhi : _bNational Council of Educational Research and Training, New Delhi., _c1972 |
||
| 300 |
_a172 p.: _bill ; _c24 cm. |
||
| 650 | 0 |
_aPhysic _zIndia _91016363 |
|
| 887 | _a | ||
| 901 |
_aIOD69373 date _b13.09.1973 |
||
| 902 | _aGP 530.71 In2p | ||
| 999 |
_aVIRTUA _c904591 _d904591 |
||
| 942 |
_2ddc _cBKS |
||